书目信息 |
| 题名: |
100名华人富豪的致富之道
|
|
| 作者: | 孟庆轩 编著 | |
| 分册: | ||
| 出版信息: | 北京 中国社会出版社 1998.07 |
|
| 页数: | 307页 | |
| 开本: | 32开 | |
| 丛书名: | ||
| 单 册: | ||
| 中图分类: | F279.26 | |
| 科图分类: | ||
| 主题词: | 企业经济 | |
| 电子资源: | ||
| ISBN: | 7-80088-998-X | |
| 000 | 00585nam0 2200193 45 | |
| 001 | 0011021157 | |
| 005 | 20001116204906.0 | |
| 010 | @a7-80088-998-X@d15.00元 | |
| 100 | @a20001102d1998 km y0chiy0120 ea | |
| 101 | 0 | @achi |
| 105 | @a z 000yy | |
| 200 | 1 | @a100名华人富豪的致富之道@A100 Ming Hua Ren Fu Hao De Zhi Fu Zhi Dao@f孟庆轩等编著@FMeng Qing Xuan Deng Bian Zhu |
| 210 | @a北京@c中国社会出版社@d1998.07 | |
| 215 | @a307页@d32开 | |
| 606 | 0 | @a企业经济 |
| 690 | @aF279.26@v3 | |
| 701 | 0 | @a孟庆轩@4编著 |
| 801 | @aCN@bPftUser@c20001102 | |
| 905 | @dF279.26@eM896@b410947-951@f5 | |
| 100名华人富豪的致富之道/孟庆轩等编著.-北京:中国社会出版社,1998.07 |
| 307页;32开 |
| ISBN 7-80088-998-X:15.00元 |
| ● |
| 相关链接 |
|
|
|
正题名:100名华人富豪的致富之道
索取号:F279.26/M896
 
预约/预借
| 序号 | 登录号 | 条形码 | 馆藏地/架位号 | 状态 | 备注 |
| 1 | 410947 | 204109473 | 社科库409/409社科库 101排4列3层/ [索取号:F279.26/M896] | 在馆 | |
| 2 | 410948 | 204109482 | 社科二线422/409社科库 97排3列5层/ [索取号:F279.26/M896] | 在馆 | |
| 3 | 410949 | 204109491 | 社科二线422/422社科库 28排2列2层/ [索取号:F279.26/M896] | 在馆 | |
| 4 | 410950 | 204109507 | 社科库409/400B社科库 3排2列4层/ [索取号:F279.26/M896] | 在馆 | |
| 5 | 410951 | 204109516 | 社科二线422/422社科库 28排2列2层/ [索取号:F279.26/M896] | 在馆 |